00698 2200229 4500001002100000005001500021035002000036007000300056008004100059020002200100082001800122084002400140100001900164245007300183250001000256260009900266300003500365650002800400700001800428990001100446990001100457INLIS00000000000545820200302112057 a0010-0320000026ta200302 b 0 ind  a978-602-0920-03-0 aR.398.209 598 aR.398.209 598 RIC k0 aRICO, Ariputra1 aKemingking dan Parang Bertuah /cRico Ariputra; editor, Tim Penerbit acet.1 aPangkalpinang :bBadan Perpustakaan dan Arsip Daerah Provinsi Kepulauan Bangka Belitung,c2014 aiv, 27 hlm. :bilus. ;c25 cm. 4aCERITA RAKYAT INDONESIA0 aTIM, Penerbit a4075 a a4075 b